[Event "Rilton Cup 51st"]
[Site "Stockholm"]
[Date "2023.12.27"]
[Round "1"]
[White "Aradhya, Garg"]
[Black "Doraszelski, Alexander"]
[Result "1/2-1/2"]
[WhiteElo "2371"]
[BlackElo "2198"]
[PlyCount "67"]
[EventDate "2023.12.27"]
[EventType "swiss"]
[EventRounds "9"]
[EventCountry "SWE"]
[SourceTitle "CB02_2024"]
[SourceDate "2024.01.10"]
[SourceVersion "1"]
[SourceVersionDate "2024.01.10"]
[SourceQuality "1"]

1. d4 d5 2. c4 e6 3. Nf3 a6 4. Bg5 Be7 5. Bxe7 Qxe7 6. Nbd2 Nf6 7. Rc1 0-0 8. g3 b6 9. Bg2 Bb7 10. 0-0 Rc8 11. Ne5 Nbd7 12. cxd5 exd5 13. Ndc4 Nxe5 14. Nxe5 c5 15. Qb3 Qc7 16. Qc3 c4 17. b3 b5 18. Nd3 Qb6 19. Nc5 b4 20. Qc2 c3 21. a3 a5 22. Ra1 Ra7 23. Ra2 Bc6 24. Rfa1 Rca8 25. Qf5 h6 26. axb4 axb4 27. Rxa7 Rxa7 28. Qc8+ Be8 29. Rxa7 Qxa7 30. Bxd5 c2 31. Nd3 Qxd4 32. Bf3 Qa1+ 33. Kg2 Qb1 34. e4 1/2-1/2

[Event "Belgrade Serbia op"]
[Site "Belgrade"]
[Date "2023.07.17"]
[Round "2"]
[White "Doraszelski, Alexander"]
[Black "Hilverda, Alexander"]
[Result "1-0"]
[WhiteElo "2071"]
[BlackElo "2256"]
[PlyCount "77"]
[EventDate "2023.07.16"]
[EventType "swiss"]
[EventRounds "9"]
[EventCountry "SRB"]
[SourceTitle "CBM 215 Extra"]
[Source "ChessBase"]
[SourceDate "2023.09.30"]
[SourceVersion "1"]
[SourceVersionDate "2023.09.30"]
[SourceQuality "1"]

1. e4 e5 2. Nf3 Nc6 3. d4 exd4 4. Nxd4 Bc5 5. Nb3 Bb6 6. Nc3 Nf6 7. Qe2 0-0 8. Bg5 h6 9. Bh4 d6 10. 0-0-0 Be6 11. f3 a5 12. Na4 Ba7 13. c4 Qe7 14. Kb1 Ne5 15. Qc2 Qe8 16. Nd4 Bxd4 17. Rxd4 Nc6 18. Bxf6 gxf6 19. Rd2 Nb4 20. Qb3 b5 21. Nc3 bxc4 22. Bxc4 Rb8 23. Bxe6 fxe6 24. Qc4 Qd7 25. h4 Rf7 26. g4 Nc6 27. f4 Rb4 28. Qe2 Nd4 29. Qe3 Nb5 30. Nxb5 Qxb5 31. g5 f5 32. gxh6 fxe4 33. Rg1+ Kf8 34. Qg3 e3 35. Rc2 Qf5 36. Qg8+ Ke7 37. h7 Rc4 38. Qg5+ Qxg5 39. hxg5 1-0

[Event "Paracin op 16th"]
[Site "Paracin"]
[Date "2023.07.08"]
[Round "3"]
[White "Ristic, Nenad"]
[Black "Doraszelski, Alexander"]
[Result "1-0"]
[WhiteElo "2248"]
[BlackElo "2071"]
[PlyCount "33"]
[EventDate "2023.07.07"]
[EventType "swiss"]
[EventRounds "9"]
[EventCountry "SRB"]
[SourceTitle "EXT 2024"]
[Source "ChessBase"]
[SourceDate "2023.10.10"]
[SourceVersion "1"]
[SourceVersionDate "2023.10.10"]
[SourceQuality "1"]

1. e4 c5 2. Nc3 d6 3. f4 Nc6 4. Nf3 g6 5. Bc4 Bg7 6. 0-0 e6 7. d4 Nxd4 8. Be3 Nxf3+ 9. Qxf3 Ne7 10. f5 gxf5 11. exf5 Bd4 12. Bxd4 cxd4 13. fxe6 Bxe6 14. Bxe6 fxe6 15. Qf7+ Kd7 16. Ne4 e5 17. Rf6 1-0

[Event "Paracin op 16th"]
[Site "Paracin"]
[Date "2023.07.07"]
[Round "1"]
[White "Shahil, Dey"]
[Black "Doraszelski, Alexander"]
[Result "1-0"]
[WhiteElo "2333"]
[BlackElo "2071"]
[PlyCount "59"]
[EventDate "2023.07.07"]
[EventType "swiss"]
[EventRounds "9"]
[EventCountry "SRB"]
[SourceTitle "EXT 2024"]
[Source "ChessBase"]
[SourceDate "2023.10.10"]
[SourceVersion "1"]
[SourceVersionDate "2023.10.10"]
[SourceQuality "1"]

1. e4 c5 2. Nc3 d6 3. Nge2 Nf6 4. g3 Nc6 5. Bg2 g6 6. 0-0 Bg7 7. d3 Rb8 8. a4 0-0 9. Bg5 a6 10. Qd2 b5 11. axb5 axb5 12. Bh6 e6 13. Bxg7 Kxg7 14. f4 Qb6 15. Kh1 Bd7 16. h3 Nd4 17. g4 b4 18. Nd1 b3 19. c3 Nxe2 20. Qxe2 Bc6 21. Ne3 Ra8 22. Rae1 Ra2 23. f5 exf5 24. gxf5 Qc7 25. Qf2 c4 26. Nxc4 Bxe4 27. Bxe4 Nxe4 28. Rxe4 d5 29. fxg6 Ra6 30. Qd4+ 1-0

[Event "Belgrade Vidovdan op"]
[Site "Belgrade"]
[Date "2023.06.28"]
[Round "6"]
[White "Doraszelski, Alexander"]
[Black "Ivanovic, Marko"]
[Result "1/2-1/2"]
[WhiteElo "2132"]
[BlackElo "2262"]
[PlyCount "48"]
[EventDate "2023.06.26"]
[EventType "swiss"]
[EventRounds "6"]
[EventCountry "SRB"]
[SourceTitle "EXT 2024"]
[Source "ChessBase"]
[SourceDate "2023.10.10"]
[SourceVersion "1"]
[SourceVersionDate "2023.10.10"]
[SourceQuality "1"]

1. e4 e5 2. Nf3 Nc6 3. d4 exd4 4. Nxd4 Nf6 5. Nxc6 bxc6 6. Bd3 d5 7. Nc3 Bc5 8. 0-0 0-0 9. h3 Re8 10. Qf3 h6 11. Re1 Rb8 12. Rb1 Bb4 13. Bd2 dxe4 14. Nxe4 Rxe4 15. Bxe4 Qxd2 16. Red1 Qg5 17. Rd8+ Bf8 18. Rbd1 Qb5 19. Qa3 c5 20. Qxa7 Nxe4 21. Qxc7 Nf6 22. Rxc8 Rxc8 23. Qxc8 Qxb2 24. Rd8 Qc1+ 1/2-1/2

[Event "Belgrade Vidovdan op"]
[Site "Belgrade"]
[Date "2023.06.28"]
[Round "5"]
[White "Kutanjac, Aleksandar"]
[Black "Doraszelski, Alexander"]
[Result "0-1"]
[WhiteElo "1919"]
[BlackElo "2132"]
[PlyCount "72"]
[EventDate "2023.06.26"]
[EventType "swiss"]
[EventRounds "6"]
[EventCountry "SRB"]
[SourceTitle "EXT 2024"]
[Source "ChessBase"]
[SourceDate "2023.10.10"]
[SourceVersion "1"]
[SourceVersionDate "2023.10.10"]
[SourceQuality "1"]

1. d4 d5 2. c4 e6 3. Nc3 c5 4. cxd5 exd5 5. e3 Nf6 6. Nf3 Nc6 7. Be2 c4 8. 0-0 Bb4 9. Ne5 0-0 10. Qc2 Qc7 11. f4 Rb8 12. Bd2 Ne7 13. g4 Bxc3 14. Bxc3 Ne4 15. a4 f6 16. Bxc4 Nxc3 17. Bd3 fxe5 18. fxe5 Rxf1+ 19. Rxf1 g6 20. bxc3 Bxg4 21. Qg2 Qd7 22. Bb5 Nc6 23. Rf6 Rf8 24. e4 Rxf6 25. exf6 Bh3 26. Qg5 Qg4+ 27. Qxg4 Bxg4 28. exd5 Nd8 29. Kf2 Kf7 30. Bd3 Kxf6 31. c4 a5 32. c5 Bd7 33. Bc2 h6 34. Kf3 g5 35. Bb3 h5 36. Bd1 Bg4+ 0-1

[Event "Balatonlelle Rigo Memorial IM 2nd"]
[Site "Balatonlelle"]
[Date "2023.06.15"]
[Round "2"]
[White "Doraszelski, Alexander"]
[Black "Ngo, Bach"]
[Result "1/2-1/2"]
[WhiteElo "2132"]
[BlackElo "2293"]
[PlyCount "202"]
[EventDate "2023.06.14"]
[EventType "tourn"]
[EventRounds "9"]
[EventCountry "HUN"]
[EventCategory "1"]
[SourceTitle "CBM 214 Extra"]
[Source "ChessBase"]
[SourceDate "2023.07.31"]
[SourceVersion "1"]
[SourceVersionDate "2023.07.31"]
[SourceQuality "1"]

1. e4 e5 2. Nf3 Nc6 3. d4 exd4 4. Nxd4 Bc5 5. Nb3 Bb6 6. Nc3 Nf6 7. Qe2 0-0 8. Bg5 Nd4 9. Qd2 Nxb3 10. axb3 h6 11. Be3 c6 12. Bxb6 Qxb6 13. 0-0-0 a5 14. f3 d5 15. exd5 Nxd5 16. Nxd5 cxd5 17. Qd4 Qxd4 18. Rxd4 Be6 19. Bd3 Rfc8 20. f4 Rc5 21. Re1 Re8 22. b4 axb4 23. Rxb4 Rc7 24. f5 Bd7 25. Rxe8+ Bxe8 26. Kd2 Kf8 27. Bb5 Bc6 28. Bxc6 bxc6 29. Rf4 f6 30. b4 Ke7 31. Rf2 Ra7 32. Kd3 Ra1 33. Rf3 Rd1+ 34. Kc3 Kd6 35. Rg3 Rf1 36. Rxg7 Rxf5 37. Rh7 Rh5 38. h3 Rh4 39. Kd3 Rxb4 40. Rxh6 Ke5 41. Rh5+ Ke6 42. Rh8 c5 43. Re8+ Kd6 44. Rd8+ Ke5 45. Re8+ Kf4 46. Rf8 Rd4+ 47. Kc3 Kf5 48. Rc8 Rc4+ 49. Kd3 Ke5 50. Re8+ Kf4 51. Rf8 Rd4+ 52. Kc3 Ke5 53. Re8+ Kd6 54. Rd8+ Ke7 55. Rc8 Rc4+ 56. Kd3 Kd7 57. Rf8 Rf4 58. Ke3 Re4+ 59. Kd2 Ke7 60. Rg8 Kd6 61. Rd8+ Ke5 62. Re8+ Kf4 63. Rf8 Re6 64. Kd3 Ke5 65. Rh8 Re7 66. Rh5+ Kd6 67. Rh6 Re6 68. g4 c4+ 69. Kd2 d4 70. h4 Kd5 71. Rh5+ Ke4 72. c3 Ra6 73. cxd4 Kxd4 74. Rf5 Ra2+ 75. Kc1 Kc3 76. Rf3+ Kb4 77. Rxf6 Kb3 78. Rb6+ Kc3 79. Kb1 Rg2 80. g5 Rg1+ 81. Ka2 Rg4 82. g6 Rxh4 83. g7 Rg4 84. Rb7 Rg2+ 85. Ka1 Kd3 86. Kb1 Kc3 87. Ka1 Rg1+ 88. Ka2 Kc2 89. Rb2+ Kd3 90. Rb7 Kc3 91. Rc7 Rg2+ 92. Ka1 Rg1+ 93. Ka2 Kd3 94. Kb2 Rg2+ 95. Kc1 Kc3 96. Kb1 Rg5 97. Rb7 Rg1+ 98. Ka2 Kd3 99. Kb2 Rg2+ 100. Kc1 Kc3 101. Kb1 Rg1+ 1/2-1/2

[Event "Reykjavik op"]
[Site "Reykjavik"]
[Date "2023.04.01"]
[Round "5"]
[White "Pigott, John C"]
[Black "Doraszelski, Alexander"]
[Result "1-0"]
[WhiteElo "2361"]
[BlackElo "2093"]
[PlyCount "111"]
[EventDate "2023.03.29"]
[EventType "swiss"]
[EventRounds "9"]
[EventCountry "ISL"]
[SourceTitle "CBM 213 Extra"]
[Source "ChessBase"]
[SourceDate "2023.05.31"]
[SourceVersion "1"]
[SourceVersionDate "2023.05.31"]
[SourceQuality "1"]

1. e4 c5 2. Nf3 d6 3. d4 Nf6 4. Nc3 cxd4 5. Nxd4 a6 6. Be2 e5 7. Nb3 Be7 8. 0-0 0-0 9. Re1 Be6 10. Bf3 Nbd7 11. a4 Qc7 12. Be3 Rac8 13. a5 Rfd8 14. h3 h6 15. Re2 Qc6 16. Rd2 Nh7 17. Nc1 Ng5 18. Nd3 Nf6 19. Nb4 Qe8 20. Bxg5 hxg5 21. Ncd5 Nd7 22. Qe2 Nc5 23. Rad1 Bf8 24. Qe3 f6 25. Bg4 Qb5 26. Bxe6+ Nxe6 27. Qb3 Re8 28. Nb6 Rcd8 29. Rd5 Qe2 30. Qc4 Qh5 31. c3 Kh8 32. R5d2 g4 33. Qe2 f5 34. exf5 Qxf5 35. Qxg4 Qxg4 36. hxg4 Nc5 37. Nc4 Ne4 38. Re2 Nf6 39. f3 e4 40. g5 Nh5 41. Rxe4 Rxe4 42. fxe4 Be7 43. g6 Ng3 44. Nd5 Bh4 45. Nd2 Re8 46. Nf3 Bd8 47. Kh2 Nxe4 48. b4 Nf2 49. Rd4 Ne4 50. Rc4 Nf6 51. Nxf6 gxf6 52. Rc8 Kg7 53. Nh4 Rh8 54. g3 d5 55. Kg2 Rf8 56. Rb8 1-0

[Event "Bassano del Grappa Spring op"]
[Site "Bassano del Grappa"]
[Date "2023.03.16"]
[Round "3"]
[White "Ceres, Dragos"]
[Black "Doraszelski, Alexander"]
[Result "1-0"]
[WhiteElo "2412"]
[BlackElo "2093"]
[PlyCount "67"]
[EventDate "2023.03.15"]
[EventType "swiss"]
[EventRounds "9"]
[EventCountry "ITA"]
[SourceTitle "EXT 2024"]
[Source "ChessBase"]
[SourceDate "2023.10.10"]
[SourceVersion "1"]
[SourceVersionDate "2023.10.10"]
[SourceQuality "1"]

1. e4 c5 2. Nf3 d6 3. d4 Nf6 4. Nc3 cxd4 5. Nxd4 a6 6. f3 e5 7. Nb3 Be6 8. Be3 Be7 9. Qd2 0-0 10. 0-0-0 a5 11. Qe2 Qc8 12. Na4 Nbd7 13. Qb5 Qc6 14. Kb1 Rfc8 15. Bd3 h5 16. Rhe1 Kf8 17. h3 h4 18. f4 Bc4 19. Qxc6 Rxc6 20. Nd2 Bxd3 21. cxd3 d5 22. Nf3 exf4 23. Bxf4 Bb4 24. Re2 Re8 25. e5 Nh5 26. Bh2 Ng3 27. Bxg3 hxg3 28. a3 Be7 29. Nc3 Nb6 30. Nb5 Rc5 31. Nbd4 a4 32. Nf5 f6 33. Rde1 Rec8 34. Nxe7 1-0

[Event "Sant Adria de Besos op"]
[Site "Sant Adria de Besos"]
[Date "2022.08.14"]
[Round "5"]
[White "Doraszelski, Alexander"]
[Black "Romeu Viladot, Emili"]
[Result "1-0"]
[WhiteElo "2060"]
[BlackElo "1960"]
[PlyCount "79"]
[EventDate "2022.08.11"]
[EventType "swiss"]
[EventRounds "9"]
[EventCountry "ESP"]
[SourceTitle "CBM 209 Extra"]
[Source "ChessBase"]
[SourceDate "2022.09.30"]
[SourceVersion "1"]
[SourceVersionDate "2022.09.30"]
[SourceQuality "1"]

1. e4 c5 2. Nc3 e6 3. Nge2 a6 4. g3 Nc6 5. Bg2 g6 6. d4 cxd4 7. Nxd4 Nge7 8. 0-0 Bg7 9. Nb3 0-0 10. a4 b6 11. f4 Bb7 12. e5 f6 13. exf6 Bxf6 14. Ne4 Bg7 15. Nd6 Qc7 16. c3 Nf5 17. Nxb7 Qxb7 18. Nd4 Bxd4+ 19. cxd4 d5 20. b3 Nfxd4 21. Bb2 Nf5 22. Re1 Qd7 23. Rxe6 Rfd8 24. Bxd5 Qxd5 25. Re8+ Kf7 26. Qxd5+ Rxd5 27. Rxa8 Nb4 28. Ra7+ Ke6 29. Re1+ Kd6 30. Be5+ Rxe5 31. fxe5+ Ke6 32. Rxh7 Nd3 33. Rd1 Nxe5 34. Re1 Nd4 35. Rxe5+ Kxe5 36. Ra7 Kd5 37. Rxa6 Kc5 38. b4+ Kc6 39. a5 Kb5 40. Rxb6+ 1-0

[Event "Badalona op 46th"]
[Site "Badalona"]
[Date "2022.08.04"]
[Round "3"]
[White "Doraszelski, Alexander"]
[Black "Torres Rosas, Luis Carlos"]
[Result "1/2-1/2"]
[WhiteElo "2060"]
[BlackElo "2323"]
[PlyCount "57"]
[EventDate "2022.08.02"]
[EventType "swiss"]
[EventRounds "9"]
[EventCountry "ESP"]
[SourceTitle "CBM 209 Extra"]
[Source "ChessBase"]
[SourceDate "2022.09.30"]
[SourceVersion "1"]
[SourceVersionDate "2022.09.30"]
[SourceQuality "1"]

1. e4 e6 2. Nf3 d5 3. Nc3 Nf6 4. e5 Nfd7 5. d4 c5 6. dxc5 Bxc5 7. Bd3 Nc6 8. Bf4 h6 9. Bg3 a6 10. 0-0 0-0 11. Qd2 f6 12. exf6 Nxf6 13. Rae1 Nh5 14. Be5 Rxf3 15. gxf3 Nxe5 16. Rxe5 Qh4 17. Ne2 Bd6 18. Qe3 Bxe5 19. Qxe5 Qg5+ 20. Qxg5 hxg5 21. c4 Bd7 22. cxd5 exd5 23. Rc1 Bb5 24. Bxb5 axb5 25. Rc5 Rxa2 26. Rxd5 Rxb2 27. Rxg5 Rxe2 28. Rxh5 Rb2 29. Rc5 1/2-1/2

[Event "Paracin op-A 15th"]
[Site "Paracin"]
[Date "2022.07.09"]
[Round "3"]
[White "Doraszelski, Alexander"]
[Black "Sanket, Chakravarty"]
[Result "0-1"]
[WhiteElo "1946"]
[BlackElo "2209"]
[PlyCount "132"]
[EventDate "2022.07.08"]
[EventType "swiss"]
[EventRounds "9"]
[EventCountry "SRB"]
[SourceTitle "EXT 2023"]
[Source "ChessBase"]
[SourceDate "2022.10.05"]
[SourceVersion "1"]
[SourceVersionDate "2022.10.05"]
[SourceQuality "1"]

1. e4 c5 2. Nc3 Nc6 3. Bb5 Nd4 4. Nf3 a6 5. Bd3 g6 6. Nxd4 cxd4 7. Ne2 d5 8. c3 dxc3 9. Qa4+ Qd7 10. Qxd7+ Bxd7 11. dxc3 Bc6 12. exd5 Bxd5 13. 0-0 Bg7 14. Be3 Nf6 15. Bc2 0-0 16. Rfd1 e6 17. Bd4 Rac8 18. Bb3 Bc6 19. Be5 Rfd8 20. Nd4 Bd5 21. Ne2 Bxb3 22. axb3 Ne4 23. Bxg7 Kxg7 24. Nd4 e5 25. Nf3 f6 26. b4 Kf7 27. Kf1 h5 28. Ke2 Ke6 29. Ne1 Ke7 30. Nd3 Rd5 31. f3 Nd6 32. Nc5 Rxd1 33. Rxd1 Rc7 34. Kd3 a5 35. Ra1 axb4 36. cxb4 b6 37. Na6 Rc4 38. Nb8 Ke6 39. Ra6 Rxb4 40. Kc3 Rh4 41. h3 Rc4+ 42. Kb3 Rc1 43. Rxb6 Rg1 44. Na6 Rxg2 45. Nc7+ Kd7 46. Nd5 f5 47. Nf6+ Ke7 48. Nd5+ Ke6 49. Ne3 Rd2 50. Nc4 Rd4 51. Na5 Kd5 52. Kc3 Rf4 53. b4 Rxf3+ 54. Kc2 Rxh3 55. b5 g5 56. Rb8 g4 57. Rd8 g3 58. Nb7 g2 59. Rxd6+ Ke4 60. Nc5+ Kf3 61. Rd1 Rh1 62. Rd3+ Kg4 63. Rd8 g1Q 64. Rg8+ Kf3 65. Rxg1 Rxg1 66. b6 Rg8 0-1

[Event "Novi Sad Serbia op-A"]
[Site "Novi Sad"]
[Date "2022.07.01"]
[Round "4"]
[White "Toncheva, Nadya"]
[Black "Doraszelski, Alexander"]
[Result "1-0"]
[WhiteElo "2228"]
[BlackElo "1898"]
[PlyCount "59"]
[EventDate "2022.06.28"]
[EventType "swiss"]
[EventRounds "9"]
[EventCountry "SRB"]
[SourceTitle "EXT 2023"]
[Source "ChessBase"]
[SourceDate "2022.10.05"]
[SourceVersion "1"]
[SourceVersionDate "2022.10.05"]
[SourceQuality "1"]

1. d4 d5 2. c4 e6 3. Nc3 c5 4. cxd5 exd5 5. Nf3 Nc6 6. g3 Nf6 7. Bg2 Be7 8. 0-0 0-0 9. Bg5 c4 10. e3 Be6 11. b3 Qa5 12. Ne2 Rac8 13. bxc4 dxc4 14. Bxf6 Bxf6 15. Nf4 Bf5 16. Nd2 c3 17. Nb3 Qa3 18. Nd5 Nb4 19. Nxf6+ gxf6 20. Bxb7 Rb8 21. Bg2 Nxa2 22. Nc1 Rb2 23. Bd5 c2 24. Qf3 Rb1 25. Nxa2 Qb2 26. Raxb1 cxb1Q 27. Rxb1 Bxb1 28. Qg4+ Bg6 29. h4 h5 30. Qxg6+ 1-0

[Event "Novi Sad Serbia op-A"]
[Site "Novi Sad"]
[Date "2022.06.29"]
[Round "2"]
[White "Mihov, Filip"]
[Black "Doraszelski, Alexander"]
[Result "1-0"]
[WhiteElo "2235"]
[BlackElo "1898"]
[PlyCount "87"]
[EventDate "2022.06.28"]
[EventType "swiss"]
[EventRounds "9"]
[EventCountry "SRB"]
[SourceTitle "EXT 2023"]
[Source "ChessBase"]
[SourceDate "2022.10.05"]
[SourceVersion "1"]
[SourceVersionDate "2022.10.05"]
[SourceQuality "1"]

1. d4 d5 2. c4 e6 3. Nf3 c5 4. cxd5 exd5 5. g3 Nc6 6. Bg2 Nf6 7. 0-0 Be7 8. dxc5 Bxc5 9. a3 a6 10. b4 Ba7 11. Nc3 d4 12. Na4 0-0 13. Bb2 Qe7 14. Nxd4 Nxd4 15. Bxd4 Bg4 16. Bxa7 Rxa7 17. Re1 Rd8 18. Qb3 b5 19. Nc5 h5 20. h3 Bf5 21. e4 Bc8 22. e5 Nd7 23. Rac1 Nxc5 24. Rxc5 Be6 25. Qc3 Rad7 26. Rc8 h4 27. g4 Bc4 28. Rxd8+ Qxd8 29. Be4 Kf8 30. Qe3 Rd4 31. Bf5 g6 32. e6 fxe6 33. Qh6+ Ke8 34. Qxg6+ Kd7 35. Bxe6+ Kc7 36. Bxc4 bxc4 37. Qxa6 Qd5 38. Qa7+ Kd6 39. Qb8+ Kd7 40. Qe8+ Kd6 41. b5 Kc5 42. Qc8+ Kb6 43. Re6+ Kxb5 44. Qa6+ 1-0